Damage to structures from ground-borne vibration. (Record no. 94016)

MARC details
000 -LEADER
fixed length control field 01144cam a2200241 4500
008 - FIXED-LENGTH DATA ELEMENTS--GENERAL INFORMATION
fixed length control field 090401t1995 xxu||||| |||| 00| 0 eng d
020 ## - INTERNATIONAL STANDARD BOOK NUMBER
International Standard Book Number 1860810020
035 ## - SYSTEM CONTROL NUMBER
System control number (Sirsi) u58046
041 ## - LANGUAGE CODE
Language code of text/sound track or separate title eng
050 ## - LIBRARY OF CONGRESS CALL NUMBER
Classification number 690
110 ## - MAIN ENTRY--CORPORATE NAME
Corporate name or jurisdiction name as entry element Building Research Establishment
245 ## - TITLE STATEMENT
Title Damage to structures from ground-borne vibration.
260 ## - PUBLICATION, DISTRIBUTION, ETC.
Place of publication, distribution, etc. Garston,Watford
Name of publisher, distributor, etc. Building Research Establishment
Date of publication, distribution, etc. 1995
300 ## - PHYSICAL DESCRIPTION
Extent 8p. ; 30cm.
350 ## - PRICE (NR) (BK AM CF MU VM SE) [OBSOLETE]
Price 0
490 ## - SERIES STATEMENT
Series statement BRE Digest
Volume/sequential designation 403
520 ## - SUMMARY, ETC.
Summary, etc. Ground-borne vibrations from civil engineering, blasting or traffic often cause noticeable vibrations in buildings. Householders are occasionally worried that vibrations might damage their property and this can be a significant cause of distress. Guidance levels for damage from ground-borne vibration were introduced in two British Standards in 1992 and 1993. Provides information on the current UK position concerning damage to buildings. This digest replaces BRE Digest 353 which has now been withdrawn.
650 ## - SUBJECT ADDED ENTRY--TOPICAL TERM
Topical term or geographic name entry element BUILDING DEFECTS
650 ## - SUBJECT ADDED ENTRY--TOPICAL TERM
Topical term or geographic name entry element GROUND VIBRATIONS
690 ## - LOCAL SUBJECT ADDED ENTRY--TOPICAL TERM (OCLC, RLIN)
Topical term or geographic name as entry element MAPPING AND MEASUREMENT
942 ## - ADDED ENTRY ELEMENTS (KOHA)
Suppress in OPAC 0
948 ## - LOCAL PROCESSING INFORMATION (OCLC); SERIES PART DESIGNATOR (RLIN)
c (OCLC) 04/03/1997
Holdings
Withdrawn status Lost status Source of classification or shelving scheme Damaged status Not for loan Home library Current library Shelving location Date acquired Total Checkouts Full call number Barcode Date last seen Copy number Price effective from Koha item type Cost, normal purchase price Date last checked out Cost, replacement price
    Dewey Decimal Classification     London London BRE publications 03/04/1995   ENQUIRY DESK 30045365 06/08/2019 1 06/08/2019 Reference material      
    Dewey Decimal Classification     London London BRE publications 14/09/1999 3 ENQUIRY DESK 30055472 06/08/2019 2 06/08/2019 Book 5.00 15/05/2006 5.00